[Event "CRO-chT1B 30th"]
[Site "Porec"]
[Date "2022.09.29"]
[Round "6.55"]
[White "Soldo, Robert"]
[Black "Novak, Ivan2222"]
[Result "0-1"]
[WhiteElo "2115"]
[BlackElo "2247"]
[PlyCount "78"]
[EventDate "2022.09.24"]
[EventType "team-tourn"]
[EventRounds "9"]
[EventCountry "CRO"]
[SourceTitle "CBM 210 Extra"]
[Source "ChessBase"]
[SourceDate "2022.11.30"]
[SourceVersion "1"]
[SourceVersionDate "2022.11.30"]
[SourceQuality "1"]
[WhiteTeam "Vinkovci"]
[BlackTeam "Mihovljan Sloboda"]
[WhiteTeamCountry "CRO"]
[BlackTeamCountry "CRO"]

1. d4 d5 2. c4 e6 3. Nf3 Nf6 4. g3 Be7 5. Bg2 0-0 6. 0-0 dxc4 7. Ne5 Nc6 8. Bxc6 bxc6 9. Nxc6 Qe8 10. Nxe7+ Qxe7 11. Nc3 c5 12. dxc5 Qxc5 13. Be3 Qh5 14. f3 Bb7 15. Qd4 Rfc8 16. Qf4 e5 17. Qg5 Qh3 18. Rf2 Qe6 19. Qh4 Nd5 20. Nxd5 Qxd5 21. Rff1 Qb5 22. Kf2 Ba6 23. Rfe1 Qxb2 24. Qe7 Qb5 25. a4 Qa5 26. Red1 Re8 27. Qh4 c3 28. Rac1 Rac8 29. Qe4 Rc4 30. Rd4 Bb7 31. Rxc4 Bxe4 32. Rxe4 Rc8 33. f4 exf4 34. Rxf4 c2 35. Rd4 f6 36. Kg2 Qc3 37. Kf2 Qa5 38. Kg2 Qe5 39. Kf2 g5 0-1

[Event "Solta op 5th"]
[Site "Grohote"]
[Date "2022.07.03"]
[Round "2"]
[White "Soldo, Robert"]
[Black "Muha, Miljenko"]
[Result "1/2-1/2"]
[WhiteElo "2104"]
[BlackElo "2320"]
[PlyCount "61"]
[EventDate "2022.07.02"]
[EventType "swiss"]
[EventRounds "9"]
[EventCountry "CRO"]
[SourceTitle "EXT 2023"]
[Source "ChessBase"]
[SourceDate "2022.10.05"]
[SourceVersion "1"]
[SourceVersionDate "2022.10.05"]
[SourceQuality "1"]

1. d4 d5 2. Nf3 e6 3. g3 c5 4. c4 cxd4 5. cxd5 Qxd5 6. Qxd4 Qxd4 7. Nxd4 a6 8. Bg2 e5 9. Nc2 Nc6 10. Nc3 Be6 11. 0-0 Nf6 12. Rd1 Rc8 13. Bg5 Be7 14. Ne3 0-0 15. Bxf6 Bxf6 16. Ned5 Bd8 17. Ne4 Nd4 18. e3 Bxd5 19. exd4 exd4 20. Rxd4 Be6 21. Rad1 Be7 22. Nc3 Bf6 23. Rd6 Bxc3 24. bxc3 Rxc3 25. Bxb7 a5 26. Bd5 Bxd5 27. R6xd5 Ra3 28. R1d2 g6 29. R5d3 Ra4 30. Rd4 Ra3 31. R4d3 1/2-1/2

[Event "Schwarzach op 34th"]
[Site "Schwarzach"]
[Date "2019.07.16"]
[Round "4"]
[White "Soldo, Robert"]
[Black "Makarian, Rudik"]
[Result "0-1"]
[WhiteElo "2146"]
[BlackElo "2384"]
[PlyCount "126"]
[EventDate "2019.07.13"]
[EventType "swiss"]
[EventRounds "9"]
[EventCountry "AUT"]
[SourceTitle "EXT 2020"]
[Source "ChessBase"]
[SourceDate "2019.10.17"]
[SourceVersion "1"]
[SourceVersionDate "2019.10.17"]
[SourceQuality "1"]

1. d4 Nf6 2. c4 e6 3. g3 c5 4. d5 exd5 5. cxd5 d6 6. Nc3 g6 7. Bg2 Bg7 8. Nf3 0-0 9. 0-0 Re8 10. Nd2 a6 11. a4 Nbd7 12. h3 Rb8 13. Nc4 Ne5 14. Nxe5 Rxe5 15. a5 b5 16. axb6 Rxb6 17. e4 Re8 18. Re1 Rb4 19. Qc2 Nh5 20. g4 Nf6 21. Bd2 Nd7 22. Nd1 Rd4 23. Bc3 Qh4 24. Bxd4 Bxd4 25. Ne3 Ne5 26. Ra3 h5 27. gxh5 Bxh3 28. Nf1 Ng4 29. Re2 Bxg2 30. Kxg2 Qxh5 31. Rh3 Qg5 32. Ng3 Bxf2 33. Qa4 Rb8 34. Rxf2 Nxf2 35. Kxf2 Rxb2+ 36. Kf3 Qe5 37. Qxa6 Qc3+ 38. Kg4 Kg7 39. Qxd6 Rf2 40. Kh4 Qb2 41. Rh1 Rf6 42. Qe7 c4 43. d6 Re6 44. Qg5 f6 45. Qd5 Re5 46. Qxc4 Qg2 47. Qc7+ Kh6 48. Qc1+ Rg5 49. Qf4 Kg7 50. d7 Rxg3 51. Qxg3 g5+ 52. Kg4 Qxe4+ 53. Kh3 Qxh1+ 54. Kg4 Qd1+ 55. Qf3 Qxd7+ 56. Kh5 Qf7+ 57. Kg4 Kg6 58. Qf5+ Kh6 59. Kg3 Qc7+ 60. Kg2 Qc6+ 61. Kg3 Qd6+ 62. Kg4 Qd4+ 63. Kg3 Qe5+ 0-1

[Event "Belgrade ChessAmateur op 5th"]
[Site "Belgrade"]
[Date "2019.01.09"]
[Round "8"]
[White "Soldo, Robert"]
[Black "Popadic, Dragan"]
[Result "1/2-1/2"]
[WhiteElo "2096"]
[BlackElo "2201"]
[PlyCount "50"]
[EventDate "2019.01.04"]
[EventType "swiss"]
[EventRounds "9"]
[EventCountry "SRB"]
[SourceTitle "CBM 188 Extra"]
[Source "ChessBase"]
[SourceDate "2019.02.26"]
[SourceVersion "1"]
[SourceVersionDate "2019.02.26"]
[SourceQuality "1"]

1. d4 Nf6 2. c4 g6 3. Nc3 Bg7 4. e4 d6 5. Be2 0-0 6. Nf3 e5 7. Be3 Na6 8. 0-0 Ng4 9. Bg5 Qe8 10. Re1 c6 11. h3 f6 12. Bc1 Nh6 13. Be3 Nf7 14. dxe5 dxe5 15. c5 Nc7 16. Bc4 Be6 17. Qb3 Bxc4 18. Qxc4 Qe7 19. Rad1 Rfd8 20. Qa4 a6 21. b4 Ne6 22. Qc2 Bh6 23. Bxh6 Nxh6 24. Ne2 Nf7 25. Rxd8+ Rxd8 1/2-1/2

[Event "Belgrade ChessAmateur op 5th"]
[Site "Belgrade"]
[Date "2019.01.07"]
[Round "6"]
[White "Soldo, Robert"]
[Black "Molnar, Laszlo"]
[Result "1-0"]
[WhiteElo "2096"]
[BlackElo "2195"]
[PlyCount "81"]
[EventDate "2019.01.04"]
[EventType "swiss"]
[EventRounds "9"]
[EventCountry "SRB"]
[SourceTitle "CBM 188 Extra"]
[Source "ChessBase"]
[SourceDate "2019.02.26"]
[SourceVersion "1"]
[SourceVersionDate "2019.02.26"]
[SourceQuality "1"]

1. d4 Nf6 2. c4 g6 3. Nc3 d5 4. cxd5 Nxd5 5. e4 Nxc3 6. bxc3 Bg7 7. Qa4+ c6 8. Nf3 0-0 9. Be2 c5 10. 0-0 Bd7 11. Qa3 cxd4 12. cxd4 Bg4 13. Bg5 Bxf3 14. Bxe7 Bxe2 15. Bxd8 Rxd8 16. Rfe1 Bxd4 17. Rac1 Ba6 18. e5 Nd7 19. e6 fxe6 20. Rxe6 Rf8 21. Qb3 Kh8 22. Qd5 Bxf2+ 23. Kh1 Rad8 24. Rd6 Be3 25. Re1 Rf5 26. Qe6 Rdf8 27. g4 Re5 28. Qxd7 Rfe8 29. Qf7 R5e7 30. Qf6+ Kg8 31. Rd8 Bb5 32. Rxe8+ Rxe8 33. Kg2 Bc6+ 34. Kh3 Bb6 35. Rxe8+ Bxe8 36. Qe7 Bc6 37. Kg3 h6 38. h4 a6 39. Qf6 Bc7+ 40. Kh3 Be8 41. Qe7 1-0

[Event "Hum na Sutli op 12th"]
[Site "Hum na Sutli"]
[Date "2018.08.29"]
[Round "7"]
[White "Soldo, Robert"]
[Black "Pandurevic, Miro"]
[Result "0-1"]
[WhiteElo "2047"]
[BlackElo "2263"]
[PlyCount "92"]
[EventDate "2018.08.25"]
[EventType "swiss"]
[EventRounds "9"]
[EventCountry "CRO"]
[SourceTitle "CBM 186 Extra"]
[Source "ChessBase"]
[SourceDate "2018.08.24"]
[SourceVersion "1"]
[SourceVersionDate "2018.08.24"]
[SourceQuality "1"]

1. d4 Nf6 2. c4 d6 3. Nf3 g6 4. Nc3 Bg7 5. e4 0-0 6. Be2 e5 7. Be3 Bg4 8. dxe5 dxe5 9. Qxd8 Rxd8 10. Nd5 Nxd5 11. cxd5 c6 12. Bg5 Re8 13. dxc6 Nxc6 14. 0-0 h6 15. Be3 Nd4 16. Bd1 Bd7 17. Re1 Rac8 18. Nxd4 exd4 19. Bd2 Be6 20. f4 Bf8 21. b4 b5 22. a3 Bc4 23. Rc1 a5 24. e5 axb4 25. axb4 Ra8 26. Rc2 Ra1 27. Bf3 Rxe1+ 28. Bxe1 f6 29. Bc6 Re7 30. Bh4 d3 31. Rb2 Rc7 32. Bf3 fxe5 33. fxe5 Bg7 34. Bg3 Re7 35. Be4 Bxe5 36. Bxe5 Rxe5 37. Bf3 Kg7 38. Kf2 Kf6 39. h4 Kf5 40. g4+ Kf4 41. Bd1 Re3 42. Rb1 Rh3 43. h5 gxh5 44. gxh5 Rh1 45. Kg2 Bd5+ 46. Kf2 Bf3 0-1

[Event "Zagreb Damjanovic Memorial 1st"]
[Site "Zagreb"]
[Date "2016.11.15"]
[Round "7"]
[White "Soldo, Robert"]
[Black "Matic, Zeljko"]
[Result "1-0"]
[WhiteElo "2130"]
[BlackElo "2178"]
[PlyCount "76"]
[EventDate "2016.11.10"]
[EventType "swiss"]
[EventRounds "9"]
[EventCountry "CRO"]
[SourceTitle "CBM 175 Extra"]
[Source "ChessBase"]
[SourceDate "2016.12.12"]
[SourceVersion "1"]
[SourceVersionDate "2016.12.12"]
[SourceQuality "1"]

1. d4 e6 2. c4 c5 3. d5 exd5 4. cxd5 d6 5. Nc3 a6 6. a4 g6 7. Nf3 Bg7 8. g3 Nf6 9. Bg2 0-0 10. 0-0 Re8 11. Nd2 Nbd7 12. h3 Rb8 13. Nc4 Nb6 14. Na3 Bd7 15. e4 Qc7 16. a5 Nc8 17. Nc4 Bb5 18. Qb3 Bxc4 19. Qxc4 Nd7 20. Qa4 Ne7 21. f4 f5 22. g4 Bd4+ 23. Kh2 fxg4 24. hxg4 g5 25. e5 dxe5 26. Ne4 Ng6 27. Qxd7 Qxd7 28. Nf6+ Kg7 29. Nxd7 exf4 30. Nxb8 Rxb8 31. Ra3 Ne5 32. Bf3 c4 33. Kg2 Rd8 34. Rd1 Bc5 35. Ra4 Rd6 36. Bd2 Kf7 37. Bc3 Ng6 38. Rh1 Rd7 1-0

[Event "Schwarzach op 31st"]
[Site "Schwarzach"]
[Date "2016.08.20"]
[Round "1"]
[White "Soldo, Robert"]
[Black "Klek, Hanna Marie"]
[Result "1/2-1/2"]
[WhiteElo "2133"]
[BlackElo "2335"]
[PlyCount "95"]
[EventDate "2016.08.20"]
[EventType "swiss"]
[EventRounds "9"]
[EventCountry "AUT"]
[SourceTitle "CBM 174 Extra"]
[Source "ChessBase"]
[SourceDate "2016.10.10"]
[SourceVersion "1"]
[SourceVersionDate "2016.10.10"]
[SourceQuality "1"]

1. d4 Nf6 2. c4 e6 3. g3 d5 4. Nf3 dxc4 5. Bg2 Bd7 6. Ne5 Bc6 7. Nxc6 Nxc6 8. 0-0 Qd7 9. e3 0-0-0 10. Qa4 Nd5 11. Qxc4 h5 12. Nc3 h4 13. Rd1 hxg3 14. hxg3 f5 15. Qe2 Bb4 16. Rd3 Be7 17. Nxd5 exd5 18. Rb3 a6 19. Bd2 g5 20. Qd3 Rh6 21. Rb1 Rdh8 22. a3 Nd8 23. Rc3 Bd6 24. f4 Rh2 25. Qf1 gxf4 26. exf4 Qg7 27. Qf3 Qxd4+ 28. Be3 Qe4 29. Rd1 Qxf3 30. Bxf3 Rxb2 31. Rxd5 Rg8 32. Bf2 Bxf4 33. Rxf5 Bd6 34. Bd5 Rg4 35. Rh5 c6 36. Bf3 Rg7 37. Be4 Ra2 38. Rd3 Bc7 39. Bf5+ Kb8 40. Rh8 Rf7 41. Rhxd8+ Bxd8 42. Rxd8+ Kc7 43. Rc8+ Kd6 44. g4 Rxa3 45. Rd8+ Kc7 46. Rc8+ Kd6 47. Rd8+ Kc7 48. Rc8+ 1/2-1/2

[Event "Zagreb Hulak Memorial op 1st"]
[Site "Zagreb"]
[Date "2016.06.16"]
[Round "8"]
[White "Soldo, Robert"]
[Black "Zaja, Ivan"]
[Result "1/2-1/2"]
[WhiteElo "2113"]
[BlackElo "2448"]
[PlyCount "63"]
[EventDate "2016.06.10"]
[EventType "swiss"]
[EventRounds "9"]
[EventCountry "CRO"]
[SourceTitle "CBM 173 Extra"]
[Source "ChessBase"]
[SourceDate "2016.08.29"]
[SourceVersion "1"]
[SourceVersionDate "2016.08.29"]
[SourceQuality "1"]

1. d4 d6 2. Nf3 g6 3. c4 Bg7 4. e4 Nd7 5. Nc3 e5 6. Be2 Ngf6 7. 0-0 0-0 8. Be3 Re8 9. dxe5 dxe5 10. h3 c6 11. Qc2 Qe7 12. a3 Nh5 13. Rfd1 Nf8 14. Bf1 Nf4 15. Kh2 Qf6 16. Ng1 N8e6 17. Nge2 Ng5 18. Nxf4 exf4 19. Bd4 Qe7 20. Bxg7 Kxg7 21. f3 Qe5 22. Qf2 b6 23. Qd4 Qxd4 24. Rxd4 Bxh3 25. Rd6 Be6 26. Rxc6 Kf6 27. Rd1 Rac8 28. Nd5+ Ke5 29. Nb4 Kf6 30. Nd5+ Ke5 31. Nb4 Kf6 32. Nd5+ 1/2-1/2

[Event "Zagreb Hulak Memorial op 1st"]
[Site "Zagreb"]
[Date "2016.06.11"]
[Round "2"]
[White "Soldo, Robert"]
[Black "Zelcic, Robert"]
[Result "0-1"]
[WhiteElo "2113"]
[BlackElo "2509"]
[PlyCount "88"]
[EventDate "2016.06.10"]
[EventType "swiss"]
[EventRounds "9"]
[EventCountry "CRO"]
[SourceTitle "CBM 173 Extra"]
[Source "ChessBase"]
[SourceDate "2016.08.29"]
[SourceVersion "1"]
[SourceVersionDate "2016.08.29"]
[SourceQuality "1"]

1. d4 Nf6 2. c4 e6 3. g3 d5 4. Nf3 Bb4+ 5. Bd2 a5 6. Bg2 dxc4 7. Qc2 Bxd2+ 8. Qxd2 c6 9. a4 Ne4 10. Qf4 Nd6 11. Na3 Na6 12. Ne5 0-0 13. Nexc4 Nxc4 14. Nxc4 Nb4 15. 0-0 b6 16. Rfc1 Ba6 17. Ne5 Rc8 18. Nxc6 Nxc6 19. Rxc6 Rxc6 20. Bxc6 Bxe2 21. Qe4 Bh5 22. Qe5 Bg6 23. Rd1 Qc8 24. Qb5 Qc7 25. Bf3 h6 26. Kg2 Qd6 27. h4 Rd8 28. Rc1 Qxd4 29. Rd1 Bd3 30. Qc6 e5 31. Kg1 Rf8 32. Be2 e4 33. Bxd3 exd3 34. Rd2 Rd8 35. Kg2 h5 36. Qf3 g6 37. Qe3 Qxe3 38. fxe3 Kg7 39. e4 Kf6 40. Kf3 Ke5 41. Ke3 Rd4 42. Rxd3 Rxe4+ 43. Kf3 Rxa4 44. b3 Rb4 0-1

[Event "Krapina Regional Cup"]
[Site "Krapina"]
[Date "2016.02.14"]
[Round "1"]
[White "Hamer, Ivan"]
[Black "Soldo, Robert"]
[Result "0-1"]
[WhiteElo "2001"]
[BlackElo "2036"]
[PlyCount "112"]
[EventDate "2016.02.14"]
[EventType "team-swiss"]
[EventRounds "5"]
[EventCountry "CRO"]
[SourceTitle "CBM 171 Extra"]
[Source "ChessBase"]
[SourceDate "2016.04.26"]
[SourceVersion "1"]
[SourceVersionDate "2016.04.26"]
[SourceQuality "1"]

1. d4 Nf6 2. Nf3 e6 3. g3 b5 4. Bg2 Bb7 5. 0-0 Be7 6. Nbd2 d6 7. c4 bxc4 8. Nxc4 0-0 9. Na5 Bd5 10. Bd2 Nbd7 11. Rc1 c5 12. dxc5 Nxc5 13. b4 Nce4 14. Qa4 Nxd2 15. Nxd2 Bxg2 16. Kxg2 Nd5 17. Nc6 Qd7 18. Nxe7+ Qxe7 19. Nf3 Rfc8 20. Qa6 Nb6 21. a4 d5 22. Ne5 Qxb4 23. Rxc8+ Nxc8 24. Rc1 Ne7 25. Rc7 g5 26. Qb7 Qxb7 27. Rxb7 Kf8 28. Nd7+ Kg7 29. Ne5 Kf8 30. a5 f6 31. Nd7+ Kf7 32. Nc5 Rc8 33. Nd3 a6 34. Nb4 Rc5 35. Ra7 Kf8 36. Rxa6 Rb5 37. Ra8+ Kf7 38. Nd3 Nc6 39. a6 Ra5 40. e3 h5 41. Nc1 Nb4 42. a7 Nc6 43. Rh8 Rxa7 44. Rxh5 Kg7 45. Nd3 Ra8 46. g4 Kg6 47. Rh3 e5 48. Nc5 e4 49. Nd7 Ra7 50. Nxf6 Ra5 51. Nd7 Ra7 52. Nb6 Ra5 53. Rh8 Ne5 54. h3 Rb5 55. Na4 Nf3 56. Rd8 Rb1 0-1

[Event "Velika Gorica op 12th"]
[Site "Velika Gorica"]
[Date "2014.08.21"]
[Round "4"]
[White "Martinovic, Sasa"]
[Black "Soldo, Robert"]
[Result "1-0"]
[WhiteElo "2537"]
[BlackElo "2153"]
[PlyCount "51"]
[EventDate "2014.08.18"]
[EventType "swiss"]
[EventRounds "9"]
[EventCountry "CRO"]
[SourceTitle "EXT 2015"]
[Source "ChessBase"]
[SourceDate "2014.11.20"]
[SourceVersion "1"]
[SourceVersionDate "2014.11.20"]
[SourceQuality "1"]

1. c4 Nf6 2. Nc3 e5 3. e3 Nc6 4. a3 a5 5. Nf3 g6 6. d4 exd4 7. exd4 Bg7 8. d5 Qe7+ 9. Qe2 Qxe2+ 10. Bxe2 Nb8 11. d6 Na6 12. Bf4 Nh5 13. Be3 cxd6 14. 0-0-0 0-0 15. Rxd6 Re8 16. Nd5 Bf8 17. Rb6 f5 18. Ng5 Bc5 19. Bxc5 Rxe2 20. Be3 f4 21. Kd1 Rxb2 22. Rxb2 fxe3 23. g4 Ng7 24. Nf6+ Kf8 25. Nfxh7+ Ke7 26. Re1 1-0

[Event "Hum na Sutli op 7th"]
[Site "Hum na Sutli"]
[Date "2013.09.07"]
[Round "9"]
[White "Soldo, Robert"]
[Black "Veleski, Robert"]
[Result "0-1"]
[WhiteElo "2146"]
[BlackElo "2264"]
[PlyCount "96"]
[EventDate "2013.08.30"]
[EventType "swiss"]
[EventRounds "9"]
[EventCountry "CRO"]
[SourceTitle "EXT 2015"]
[Source "ChessBase"]
[SourceDate "2014.11.20"]
[SourceVersion "1"]
[SourceVersionDate "2014.11.20"]
[SourceQuality "1"]

1. d4 Nf6 2. c4 d6 3. Nf3 Nbd7 4. Nc3 e5 5. e4 g6 6. Be2 Bg7 7. 0-0 0-0 8. Be3 Ng4 9. Bg5 f6 10. Bd2 Nh6 11. h3 Re8 12. Be3 Nf7 13. c5 exd4 14. Bxd4 dxc5 15. Be3 c6 16. Bc4 Qe7 17. a4 Kh8 18. Qb3 Nfe5 19. Nxe5 Nxe5 20. a5 Nxc4 21. Qxc4 Bf8 22. Rfe1 Be6 23. Qa4 Rad8 24. h4 Qf7 25. Qa3 b6 26. axb6 axb6 27. Qa6 Rb8 28. Bf4 Bc4 29. Qa4 b5 30. Qc2 Rbd8 31. e5 f5 32. Bg5 Rd7 33. g3 Kg8 34. Re3 Qe6 35. Ne2 Bxe2 36. Qxe2 c4 37. Qf3 Bc5 38. Re2 Rd3 39. Qg2 Qd5 40. Bf6 Rd1+ 41. Rxd1 Qxd1+ 42. Qf1 Qxf1+ 43. Kxf1 Bd4 44. f3 Kf7 45. g4 Ke6 46. h5 fxg4 47. fxg4 gxh5 48. gxh5 Rg8 0-1

[Event "Zagreb op-A"]
[Site "Zagreb"]
[Date "2013.02.26"]
[Round "2"]
[White "Jankovic, Alojzije"]
[Black "Soldo, Robert"]
[Result "1-0"]
[WhiteElo "2538"]
[BlackElo "2164"]
[PlyCount "68"]
[EventDate "2013.02.25"]
[EventType "swiss"]
[EventRounds "9"]
[EventCountry "CRO"]
[SourceTitle "CBM 153 Extra"]
[Source "ChessBase"]
[SourceDate "2013.04.22"]
[SourceVersion "1"]
[SourceVersionDate "2013.04.22"]
[SourceQuality "1"]

1. d4 Nf6 2. c4 e6 3. Nf3 b6 4. g3 Ba6 5. Qc2 Bb7 6. Bg2 c5 7. d5 exd5 8. cxd5 Nxd5 9. 0-0 Be7 10. Qe4 Bc6 11. Ne5 Nf6 12. Nxc6 Nxc6 13. Qa4 0-0 14. Nc3 Qc8 15. Rd1 a6 16. Bf4 b5 17. Qc2 Rd8 18. Bd6 Ra7 19. Ne4 Nxe4 20. Bxe4 Bxd6 21. Rxd6 Nd4 22. Bxh7+ Kf8 23. Qd3 Re8 24. Be4 Qb8 25. Rd5 Re5 26. e3 Ne6 27. Bg2 Rxd5 28. Qxd5 c4 29. a4 bxa4 30. Rxa4 Qxb2 31. Be4 g6 32. Rxc4 Kg7 33. h4 Qf6 34. Qd6 Qd8 1-0

[Event "Hum na Sutli op 6th"]
[Site "Hum na Sutli"]
[Date "2012.09.10"]
[Round "4"]
[White "Cvitkovic, Filip"]
[Black "Soldo, Robert"]
[Result "0-1"]
[WhiteElo "1894"]
[BlackElo "2172"]
[PlyCount "110"]
[EventDate "2012.09.07"]
[EventType "swiss"]
[EventRounds "9"]
[EventCountry "CRO"]
[SourceTitle "CBM 150 Extra"]
[Source "ChessBase"]
[SourceDate "2012.10.19"]
[SourceVersion "1"]
[SourceVersionDate "2012.10.19"]
[SourceQuality "1"]

1. d4 Nf6 2. c4 e6 3. Nc3 Bb4 4. Qc2 0-0 5. a3 Bxc3+ 6. Qxc3 d5 7. e3 dxc4 8. Bxc4 b6 9. Ne2 Bb7 10. 0-0 Nbd7 11. b4 a5 12. b5 Rc8 13. Bb2 c6 14. Qd3 cxb5 15. Bxb5 Be4 16. Qd1 Rc2 17. Rb1 Qa8 18. f3 Bg6 19. Nf4 Rfc8 20. Nxg6 hxg6 21. e4 Qb7 22. Bd3 R2c7 23. Qe1 Nf8 24. f4 Qc6 25. Rf3 Qa4 26. Rh3 N6h7 27. Qh4 f5 28. g4 fxg4 29. Qxg4 Nf6 30. Qh4 Rc3 31. Bxc3 Rxc3 32. Qf2 Ng4 33. Qe2 Qxd4+ 34. Kg2 Rxa3 35. Qxg4 Rxd3 36. Rxd3 Qxd3 37. Re1 Kf7 38. h4 a4 39. h5 gxh5 40. Qxh5+ g6 41. Qg4 Nd7 42. Qh4 Nf6 43. e5 Nh5 44. f5 exf5 45. e6+ Ke8 46. Qxa4+ Ke7 47. Qa7+ Kf6 48. Qf7+ Kg5 49. Rg1 Kh4 50. Qe7+ g5 51. Qb4+ Nf4+ 52. Qxf4+ gxf4 53. Re1 f3+ 54. Kg1 Qd2 55. Re4+ fxe4 0-1